| 000 | 00496nam a2200193Ia 4500 | ||
|---|---|---|---|
| 003 | OSt | ||
| 005 | 20230506164003.0 | ||
| 008 | 210423s1997 xx 000 0 und d | ||
| 040 | _cAL | ||
| 041 | _aeng | ||
| 082 |
_a658.4 _223 _bLUTO |
||
| 100 |
_aLUTHANS (Fred) _999481 |
||
| 245 | _aOrganizational behaviour | ||
| 260 |
_aNew Delhi _bPHI Learning Pvt Ltd _c1997 |
||
| 365 |
_b432 _cINR |
||
| 650 |
_aExecutive Management _999482 |
||
| 906 | _abehaviour ; Organizational | ||
| 942 |
_2ddc _cBK |
||
| 999 |
_c171417 _d171417 |
||